000 00565nam a22001577a 4500
999 _c18064
_d18064
008 191126b xxu||||| |||| 00| 0 eng d
020 _a9966817105
040 _aKABU
_cKABU
050 _aHJ7929
_b.K46 2019 c. 1
245 _aAn assessment of the public expenditure and financial accountability - Kakamega County
_bSpecial paper no. 26
260 _aNairobi, Kenya
_bKIPPRA
_c2019
300 _a148 p.
650 _aExpenditures, public
_zKenya
_zNakuru County
710 _aKenya Institute for Public Policy research and analysis
942 _2lcc
_cBK
_hHJ7929